000 01454nam a2200469 i 4500
001 32939
003 KOSZ 005
005 20220427152506.0
008 980702s1996 pl a |000 0 pol
015 _aUWD 1996/13751
020 _a8390081040
035 _a991004341319705066
035 _a(PL-WaBN)b11148457-48omnis_nlop
035 _ab11148457
035 _a(OCoLC)750901144
035 _axx001633015
035 _a(PL)b0000001114845
035 _a(EXLNZ-48OMNIS_NETWORK)9910419548305606
040 _aWA N
_cWA N
_dKOSZ 005/HR
046 _k1996
080 _a005.574
080 _a339.1
100 1 _aBrdulak, Halina
_eAutor
245 1 0 _aSztuka i technika negocjacji handlowych /
_cHalina Brdulak, Jacek Brdulak.
260 _aWarszawa :
_b"Bizant",
_c1996.
300 _a210, [1] s. :
_brys. ;
_c24 cm.
336 _aTekst
_btxt
_2rdacontent
337 _aBez urządzenia pośredniczącego
_bn
_2rdamedia
338 _aWolumin
_bnc
_2rdacarrier
380 _aKsiążki
388 _a1901-2000
388 _a1989-2000
504 _aBibliogr. s. 205-[211].
650 7 _aHandel
_2DBN
650 7 _aNegocjacje
_2DBN
655 7 _aPoradnik
_2DBN
658 _aZarządzanie i marketing
700 1 _aBrdulak, Jacek
_d(1953- )
_eAutor
856 _uhttp://koha.tu.koszalin.pl/cgi-bin/koha/opac-detail.pl?biblionumber=32939
_yKatalog online BPK
942 _2UKD
_cKS
999 _c32939
_d32939